000 00769nam a2200205Ia 4500
001 17628
003 GE_BSU
008 181216s||||||||xx |||||||||||||| ||und||
040 _cGE_BSU
080 _a621.75(035.3)
100 _aБежелукова,Е.Ф. Воробьев,Ю.А. Воронцов,Л.Н. и др.
245 _aСправочник контролера машиностроительных заводов: по допускам и линейным измерениям.
245 _cРед. В.И.Гостев.
260 _aМ.
260 _bМашгиз.
260 _c1963.
300 _a724 стр. с илл. 19 см.
653 _aСправочник контролера машиностроительных заводов.
942 _cBK
999 _c50677
_d50677